La trágica historia de la vida y muerte del doctor Fausto

Gespeichert in:
Bibliographische Detailangaben
1. Verfasser: Marlowe, Christopher (autor)
Format: Buch
Sprache:Spanisch
Veröffentlicht: Madrid Cátedra 1984
Schriftenreihe:Letras Universales
Schlagworte:
Tags: Tag hinzufügen
Keine Tags, Fügen Sie den ersten Tag hinzu!

MARC

LEADER 00000nam a2200000 a 4500
001 UCO5118
003 CL-VaPUC
008 000825e19840000SP |||||||||||||||||spa|d
082 0 4 |a 822  |b MAR  |2 21 
100 |a Marlowe, Christopher  |e autor  |9 350163 
245 1 3 |a La trágica historia de la vida y muerte del doctor Fausto 
300 |a 179 p 
942 |c BK 
945 |d 20000825 00:00:00  |a crobeson 
260 |a Madrid  |b Cátedra  |c 1984 
650 0 |a Dramas ingleses  |9 269396 
650 0 |a Literatura inglesa  |9 312907 
583 |a last modification  |c 20000825 00:00:00  |k Rodrigo Vera 
490 0 |a Letras Universales 
999 |c 291071  |d 291069